000 00740nam a2200217 a 4500
999 _c9067
_d9067
001 9067
003 BD-JhCC
005 20180308110843.0
008 180308s1995 bg a|||| ||a| 000 0 ben d
035 _a(BD-JhCC)9067
040 _aBD-JhCC
_dBD-JhCC
041 _aben
082 _a491.444
_bACH 1995
100 _aআচার্য, পি.
245 _aউচ্চ মাধ্যমিক বাংলা প্রবন্ধ বিচিন্তা :
_b‘ক’-ভাষা দ্বিতীয় পত্র /
_cপি.আচার্য
260 _aকলকাতা :
_bবিচিন্তা ভবন,
_c1995.
300 _aVerius P. :
_c22 cm.
650 _aBengali Language
942 _2ddc
_cBK